[Event "Opera Euro Rapid Prelims 2021"]
[Site "Online"]
[Date "2021.02.03"]
[Round "5.1"]
[White "Aronian, Levon"]
[Black "Dubov, Daniil"]
[Result "0-1"]
[WhiteElo "2781"]
[BlackElo "2710"]
[Annotator "TA"]
[PlyCount "72"]
[EventDate "2021.02.02"]
[EventType "tourn"]
[EventCountry "NET"]
[SourceTitle "playchess.com"]
[Source "ChessBase"]
[SourceQuality "1"]

{[%evp 9,72,0,20,13,27,10,16,11,14,0,9,0,19,11,11,13,26,0,18,13,17,12,23,0,10,21,16,0,2,9,4,9,25,21,25,24,53,-37,-38,-72,-68,-59,-65,-87,-12,-14,-12,-76,-71,-77,-83,-233,-227,-276,-273,-347,-344,-369,-364,-335,-329,-512,-497,-2416,-2140]} 1. e4 {RR} c5 2. Nf3 d6 3. c3 Nf6 4. Be2 Bd7 5. d3 g6 6. O-O {B50: Sicilian: 2...d6, Miscellaneous.} Bg7 7. Be3 O-O 8. Nbd2 {The position is equal.} Nc6 9. h3 e5 10. a3 Rc8 11. b4 {[%cal Bb2b4,Bb4b5][%mdl 32] [#]} b6 $146 ({Predecessor:} 11... Qe7 12. Re1 b6 13. Bf1 d5 14. exd5 Nxd5 15. Bg5 f6 16. Bh4 Be6 17. c4 Nf4 {0-1 (65) Hnydiuk,A (2448)-Kempinski,R (2615) Katowice 2010 EXT 2016 [RR]}) 12. Re1 h6 13. Rc1 Re8 14. b5 Ne7 15. a4 Be6 16. d4 (16. Bf1 {is interesting.} Nd7 17. d4 exd4 18. cxd4 d5 19. a5) 16... cxd4 17. cxd4 d5 18. dxe5 Nxe4 19. Nxe4 dxe4 20. Nd4 Bd5 21. Bf4 Bb7 22. Bc4 Nd5 {[#]} 23. e6 {[#]} Rxc4 $1 $15 24. exf7+ (24. Nc6 Rxc6) 24... Kxf7 25. Nc6 {[%cal Rc6d8]} Bxc6 26. Rxc4 Bb7 (26... Nxf4 $17 27. Qxd8 Rxd8 28. Rxc6 Rd4 29. Rc7+ Kf6 30. Rxa7 Nd3) 27. Qb3 $11 Kg8 {Strongly threatening ...Kh7.} 28. Rd1 Re7 $17 {aiming for ...Kh7.} 29. Rc6 Rd7 ({Don't go for} 29... Bxc6 $2 30. bxc6 Kh7 31. Qxd5 $18) 30. Rxd5 {This costs White the game.} Rxd5 $19 31. Rd6 Qa8 32. Rxg6 Kh7 33. Rxg7+ Kxg7 34. Qc3+ Kg6 35. Be5 (35. Bxh6 {might work better.} Qg8 36. Qg3+ Kh7 37. Qh4) 35... Qf8 {Hoping for ...Rd1+.} 36. Bd4 (36. Qg3+ $142 Kh7 37. Kh2) 36... Qd6 {Weighted Error Value: White=0.47/Black=0.10} 0-1

[Event "Opera Euro Rapid Prelims 2021"]
[Site "Online"]
[Date "2021.02.03"]
[Round "5.2"]
[White "Bluebaum, Matthias"]
[Black "So, Wesley"]
[Result "0-1"]
[WhiteElo "2670"]
[BlackElo "2770"]
[Annotator "TA"]
[PlyCount "132"]
[EventDate "2021.02.02"]
[EventType "tourn"]
[EventCountry "NET"]
[SourceTitle "playchess.com"]
[Source "ChessBase"]
[SourceQuality "1"]

{[%evp 9,132,0,0,-22,-22,-17,-11,-26,-17,-29,-38,-36,-25,-37,0,-17,-25,-31,-21,-71,-62,-48,-45,-60,-37,-61,-43,-42,-37,-37,-14,-45,-20,-19,0,0,0,0,0,-6,-2,-8,-13,-42,-55,-55,-13,-51,-47,-96,-84,-100,-1,-2,0,0,0,0,0,0,6,0,0,-21,0,0,0,-62,-69,-118,-50,-122,-83,-91,-84,-84,-85,-115,-38,-41,0,0,0,-17,0,-18,-24,-78,-78,-70,-73,-88,-78,-164,-177,-202,0,0,0,0,8,-976,-1145,-1096,-741,-2282,-1933,-29974,-29975,-29977,-29978,-29978,-29975,-29977,-29977,-29976,-29977,-29973,-29975,-29970,-29970,-29983,-29984,-29984,-29986]} 1. d4 Nf6 2. Nf3 d5 3. e3 c5 4. dxc5 e6 5. b4 a5 6. c3 {D04: Colle System.} axb4 7. cxb4 b6 $1 8. Bb5+ {The position is equal.} Bd7 9. Bxd7+ Nbxd7 10. a4 bxc5 11. b5 {[#]} Ra7 $1 $146 {[%mdl 8] A top novelty.} ({Predecessor:} 11... Bd6 12. Bb2 O-O 13. O-O Qc7 14. Nbd2 c4 15. Bc3 e5 16. a5 e4 17. b6 Qb8 {1-0 (35) Firouzja,A (2749)-So,W (2770) chess24.com INT 2020}) 12. O-O Qa8 13. Bd2 Bd6 14. Nc3 Bc7 15. Qc2 O-O 16. Rfb1 Rc8 17. Ne2 Ne4 18. Be1 Ba5 (18... Bd8 {keeps more tension.} 19. Ng3 Nd6 20. Bc3 Ba5 21. Ne2 Ne4) 19. Bxa5 Rxa5 20. Ng3 {White wants to play Nxe4.} Nef6 21. Ra2 g6 22. Rba1 Rc7 23. Nd4 e5 24. Nb3 Raa7 25. a5 {And now b6 would win.} c4 26. Nd2 (26. Nc1 $5 {[%cal Rb5b6]} Rc5 27. Qb2 $11) 26... Rc5 $1 {[%cal Rc5b5]} 27. Qb1 Ne8 $1 28. Qb4 Nd6 $1 29. b6 {[#]} Ra6 30. Ne2 Qc6 (30... Nb7 $17 {[%cal Rc5a5]} 31. Nc3 Rcxa5 32. Rxa5 Rxa5) 31. Nc3 $11 Nb7 32. h3 Nf6 {aiming for ...d4.} 33. Nf3 Nd7 34. Nd2 Kg7 35. Ra3 h5 36. h4 Nf6 {With the idea ...d4.} 37. Nf3 Ng4 38. Ne2 (38. R1a2 $11) 38... Qf6 $15 {White must now prevent ...e4.} 39. Qc3 e4 ({Black should play} 39... Rb5 $17 40. Qd2 e4) 40. Nd2 ({White should try} 40. Ng5 $15) 40... Rcxa5 41. Rxa5 Rxa5 42. Rxa5 Nxa5 43. Nb1 {[#]} Kf8 $1 44. Nf4 $1 Qxh4 45. Nh3 Nc6 {Strongly threatening ...Qd8.} 46. Qh8+ Ke7 {Threatens to win with ...d4!} 47. Nc3 {Hoping for Qc8.} d4 48. exd4 (48. Nd5+ $1 $11 Kd7 49. b7) 48... e3 $17 {[%cal Re3f2]} 49. Nd5+ Kd7 {[%cal Re3f2]} 50. Nxe3 Nxe3 51. b7 {[#]} (51. fxe3 $17 {is a better defense.} Qe1+ 52. Kh2 Qxe3 53. Qa8 Qxd4 54. Qb7+ Kd6 55. Qxf7 (55. Qc7+ $2 Kc5 $19)) 51... Qd8 $1 $19 52. Qg7 Nd5 $2 ({Better is} 52... Ng4 $19 53. Qxf7+ Qe7 54. Qxc4 Kc7) 53. Qxf7+ $11 Nce7 (53... Kd6 $5 54. Nf4 $8 Nxf4 55. Qxf4+ Ke7 $11) 54. Nf4 Kc6 {...Nxf4 is the strong threat.} 55. Nxg6 {[%mdl 8192] This move loses the game for White.} (55. Ne6 $11 Qd6 56. Nc5) 55... Nxg6 $19 56. Qxg6+ Kxb7 57. Qxh5 c3 58. Qe2 Qb6 {Black mates.} 59. Qc4 Qc6 60. Qb3+ Ka7 61. Qa2+ Kb6 62. Qb1+ Ka5 63. Qa2+ Kb5 64. Qe2+ Kb4 65. Qc2 Nf4 {[%csl Gf4][%cal Rc6g2]} 66. f3 Qg6 {Weighted Error Value: White=0.42/Black=0.14} 0-1

[Event "Opera Euro Rapid Prelims 2021"]
[Site "Online"]
[Date "2021.02.03"]
[Round "5.3"]
[White "Shankland, Sam"]
[Black "Vachier-Lagrave, Maxime"]
[Result "1/2-1/2"]
[WhiteElo "2691"]
[BlackElo "2784"]
[Annotator "TA"]
[PlyCount "81"]
[EventDate "2021.02.02"]
[EventType "tourn"]
[EventCountry "NET"]
[SourceTitle "playchess.com"]
[Source "ChessBase"]
[SourceQuality "1"]

{[%evp 14,81,27,15,36,34,36,35,34,32,34,31,47,53,54,56,85,6,37,27,34,36,34,17,26,33,32,25,33,45,43,0,0,0,0,-36,-23,-25,0,0,20,15,20,16,70,0,0,0,0,0,0,0,0,0,0,0,0,0,0,0,0,0,0,0,0,0,0,0,0,0]} 1. d4 Nf6 2. c4 g6 3. Nc3 d5 4. Nf3 Bg7 5. Qb3 dxc4 6. Qxc4 O-O 7. e4 Nc6 8. Be2 e5 {[%cal Re5d4] 8...Bg4 is not played anymore. D97: Grünfeld: Russian System: 7 e4, replies other than 7...Bg4.} 9. d5 ({Stronger than} 9. Nxe5 Nxd4 10. O-O Nxe4 $1 $17 {[%mdl 512]}) 9... Nd4 10. Nxd4 exd4 {White is slightly better.} 11. Qxd4 c6 12. Qc4 b5 13. Qxc6 Bd7 14. Qd6 Re8 {[#]} 15. e5 (15. f3 $1 $16) 15... Ng4 {[#]} (15... b4 $5 16. Qxb4 (16. exf6 $2 bxc3 17. O-O Rxe2 $19) 16... Rxe5 $14) 16. Bf4 $146 ({Predecessor:} 16. e6 fxe6 17. h3 Ne5 18. dxe6 Bxe6 19. Qxd8 Raxd8 20. Bxb5 Bc4 21. Bxe8 Nd3+ 22. Kf1 Bxc3 23. bxc3 Nxc1+ {½-½ (36) Yu,Y (2763)-Vachier Lagrave,M (2774) Khanty-Mansiysk 2019}) 16... Nxe5 17. O-O a6 {Hoping for ...Bf8.} 18. Qa3 Qb6 19. Be3 Qb7 20. Qb3 Rac8 21. a4 {[%cal Ra4b5]} Bg4 {White must now prevent ...Rxc3!} 22. Rfe1 {[%cal Ra4b5]} Bxe2 23. Rxe2 {[%cal Ra4b5]} Nc4 24. Rd1 {[%cal Ra4b5] [#]} Nxb2 $1 25. Qxb2 {Threatens to win with Bd4.} Rxc3 26. Qb1 Qd7 27. axb5 axb5 28. d6 Bf8 ({Black should try} 28... Ra3 $11) 29. Ra2 ({White should play} 29. h3 $14) 29... Bxd6 $11 {The position is equal.} 30. Rad2 Re6 31. Bf4 {[%cal Rd2d6]} Rc6 32. Qxb5 {h3 is the strong threat.} Rc1 $1 {[%cal Rc1d1]} 33. Qf1 Rxd1 34. Rxd1 {And now Qd3 would win.} Qe7 35. Bxd6 Rxd6 36. Rxd6 Qxd6 {KQ-KQ} 37. g3 h5 38. h4 $1 Qe6 39. Qd3 Qe1+ 40. Kg2 Qe6 41. Qd8+ {Weighted Error Value: White=0.12/Black=0.09} 1/2-1/2

[Event "Opera Euro Rapid Prelims 2021"]
[Site "Online"]
[Date "2021.02.03"]
[Round "5.4"]
[White "Dominguez Perez, Leinier"]
[Black "Carlsen, Magnus"]
[Result "0-1"]
[WhiteElo "2758"]
[BlackElo "2862"]
[Annotator "TA"]
[PlyCount "144"]
[EventDate "2021.02.02"]
[EventType "tourn"]
[EventCountry "NET"]
[SourceTitle "playchess.com"]
[Source "ChessBase"]
[SourceQuality "1"]

{[%evp 14,144,58,44,58,45,75,73,83,37,49,35,67,62,58,35,27,17,41,23,35,0,0,0,0,-13,29,-22,-7,-29,22,-35,-54,-28,32,46,54,-157,0,0,0,0,337,-54,-54,-468,-70,-25,0,-271,0,0,-1,0,0,-86,-86,-81,-59,-59,-70,-79,-47,-33,-41,-62,-52,-161,-164,-164,-164,-169,-142,-179,-215,-218,-214,-206,-206,-208,-208,-201,-110,-110,-110,-139,-110,-110,-110,-110,-110,-132,-110,-110,-110,-110,-110,-110,-102,-102,-102,-110,-102,-102,-102,-110,-110,-110,-80,-95,-95,-110,-110,-29975,-29976,-29977,-29977,-29981,-29982,-29982,-29983,-29983,-29984,-29984,-29985,-29985,-29986,-29986,-29987,-29987,-29988,-29988,-29987]} 1. e4 c5 2. Nf3 d6 3. d4 cxd4 4. Nxd4 Nf6 5. Nc3 g6 6. Be3 Bg7 7. f3 a6 8. Qd2 h5 {B75: Sicilian Dragon: Yugoslav Attack, Miscellaneous.} 9. Bc4 Nbd7 {9...Nbd7 is better than 9...b5.} 10. O-O-O b5 {White is better.} 11. Bb3 {aiming for Nc6.} (11. Nc6 Qc7 $17) 11... Nc5 $5 {[%mdl 4] An interesting side line.} 12. Kb1 Bb7 13. Rhe1 Rc8 14. Bg5 {[#]} O-O $146 ({Predecessor:} 14... Nxb3 15. axb3 Qc7 16. Re2 Qc5 17. f4 Nd7 18. e5 e6 19. exd6 O-O 20. Be7 Rfe8 {0-1 (55) Gao,H (1859)-Steadman,M (2242) Auckland 2011}) 15. Nd5 e6 16. Nxf6+ Bxf6 17. h4 Bxg5 18. hxg5 Kg7 19. Qe3 Qc7 20. Rd2 (20. c3 $142) 20... b4 21. Red1 Rfd8 (21... e5 $142) 22. Qf4 (22. g4 $11) 22... Qe7 $1 $15 23. Ne2 {[%cal Rd2d6]} a5 (23... e5 $11 24. Qe3 a5) 24. e5 $1 $14 {[%cal Re5d6]} ({Much weaker is} 24. Rxd6 Rxd6 25. Rxd6 a4 $15) 24... d5 {[#]} 25. g4 $2 (25. Bc4 $1 $14 {stays ahead.}) 25... hxg4 $2 ({Better is} 25... Rh8 $1 $17 26. c3 hxg4 27. cxb4 Nxb3 28. axb3 gxf3 29. Qxf3 axb4 30. Qf6+ Qxf6 31. gxf6+ Kg8) 26. Qf6+ $11 Qxf6 27. gxf6+ Kh6 $2 {[%mdl 8192]} (27... Kf8 $1 $11 {and Black stays safe.}) 28. Rh1+ $2 (28. Rd4 $1 $18 {Threatening mate with Rh1+.} Ne4 29. fxe4) 28... Kg5 $15 29. f4+ Kf5 30. Rf1 {[%cal Re2g3]} g5 {Hoping for ...gxf4.} 31. Nd4+ $2 {[%mdl 8192]} (31. Ng3+ $11 {and White is okay.} Kg6 32. f5+ exf5 33. Nxf5) 31... Kg6 $2 (31... Ke4 $19 {And now ...Ba6 would win.} 32. Re2+ Kxd4 33. Rd1+ Nd3 $1 {[%mdl 512]} 34. Rxd3+ Kc5) 32. f5+ $1 $11 exf5 33. Nxf5 {White wants to mate with Ne7+!} g3 $1 34. Rg2 (34. Ne7+ $11 {keeps the balance.} Kh5 35. Nxc8 Nxb3 36. axb3 (36. cxb3 Bxc8 37. Kc1 Be6 $11) 36... Bxc8 37. Kc1) 34... Ne4 $1 $17 35. Nxg3 Re8 $36 {[%mdl 2048] Black fights for an advantage.} 36. Nxe4 dxe4 37. e6 $1 fxe6 (37... e3 $5 {[%cal Rb7g2]} 38. exf7 Red8 $17) 38. f7 Rf8 39. Bxe6 Rc5 40. Rg3 (40. Rd2 $15) 40... Re5 $1 $19 {[%cal Re5e6]} 41. Bg4 e3 42. Kc1 Rxf7 43. Rxf7 Kxf7 {[%mdl 4096] Endgame KRB-KRB} 44. Kd1 Kf6 45. Ke1 Bd5 46. a3 bxa3 47. bxa3 Be4 ({Black should try} 47... Be6 $19 {Threatens to win with ...Bxg4.} 48. Rf3+ Ke7) 48. Rxe3 $17 Bxc2 49. Kd2 {Rxe5 is the strong threat.} Rxe3 50. Kxe3 {KB-KB} Ke5 51. Bf3 Bf5 52. Bc6 Kd6 53. Bf3 Kc5 {Strongly threatening ...Kc4.} 54. Be2 Bg6 55. Bf1 Bh5 56. Ke4 Bd1 57. Ke3 g4 58. Ba6 Bf3 59. Bf1 Bc6 60. Kf4 Kd4 (60... Bb5 {looks sharper.} 61. Bg2 Be2 62. Ke3 Bd1 63. Bf1 Bf3) 61. Kxg4 {[#]} Kc3 $1 62. Kf5 Kb2 63. Ke5 $2 {[%mdl 8192]} (63. Be2 $17) 63... Kxa3 {Black mates.} 64. Kd6 Be8 65. Kc5 {[#]} a4 $1 {[%cal Ba5a4,Ba4a3][%mdl 32]} 66. Bc4 Kb2 67. Kb4 a3 68. Bd5 Bg6 69. Be6 Bb1 70. Bd5 Ba2 71. Be4 Bf7 72. Bb1 Bb3 {Weighted Error Value: White=0.37/Black=0.33} 0-1

[Event "Opera Euro Rapid Prelims 2021"]
[Site "Online"]
[Date "2021.02.03"]
[Round "5.5"]
[White "Duda, Jan-Krzysztof"]
[Black "Ding, Liren"]
[Result "1-0"]
[WhiteElo "2743"]
[BlackElo "2791"]
[Annotator "TA"]
[PlyCount "96"]
[EventDate "2021.02.02"]
[EventType "tourn"]
[EventCountry "NET"]
[SourceTitle "playchess.com"]
[Source "ChessBase"]
[SourceQuality "1"]

{[%evp 12,96,18,10,23,15,20,14,10,11,28,22,28,0,0,-106,19,23,33,28,20,28,43,40,44,0,23,21,23,12,39,0,16,0,20,0,0,-12,0,0,0,0,15,-28,-31,-20,-27,-22,-23,-28,76,77,82,73,65,54,199,192,196,6,32,0,0,0,0,0,0,0,0,0,8,8,8,5,12,13,38,38,94,94,6195,6195,6193,6193,6193,6187,29997]} 1. d4 Nf6 2. c4 e6 3. Nf3 d5 4. Nc3 Bb4 5. cxd5 exd5 6. Bg5 h6 7. Bh4 O-O {D38: Queen's Gambit Declined: Ragozin Defence (4 Nf3 Bb4).} 8. e3 Bf5 9. Be2 $1 {[%mdl 4] is now more promising than 9.Qb3.} Nbd7 {The position is equal.} 10. Qb3 Qe7 11. a3 Bxc3+ 12. Qxc3 (12. bxc3 {is interesting.} b6 13. c4 dxc4 14. Bxc4 Be6 15. Bxe6 Qxe6 16. Qxe6 fxe6 17. Bxf6 gxf6 18. Ke2) 12... Qe6 {[#]} 13. Nd2 $146 (13. O-O $11) ({Predecessor:} 13. Bxf6 Nxf6 14. O-O c6 15. Nd2 Ne4 16. Nxe4 Bxe4 17. b4 Rfe8 18. a4 Qg6 19. f3 {0-1 (68) Yilmaz,M (2595)-Melkumyan,H (2650) Douglas 2019}) 13... Rfc8 ({Better is} 13... Ne4 $1 $17 {[%cal Re4c3]} 14. Qc1 Nxd2 15. Kxd2 Rac8) 14. O-O $11 c5 15. Rfc1 c4 16. a4 Ne4 17. Nxe4 Bxe4 18. Qd2 Rc6 (18... b6 {with more complications.} 19. Rc3 a6 20. f3 Bg6 21. e4 b5) 19. f3 Bg6 20. e4 Rac8 ({Don't play} 20... dxe4 21. d5 $16) 21. e5 Nf8 22. Ra3 Qd7 23. Rf1 Rb6 24. f4 Be4 25. Bd1 Rg6 26. Rf2 Bd3 27. Rxd3 cxd3 28. f5 Rgc6 29. Qxd3 Rc1 {Threatens to win with ...Qxa4.} 30. Rf1 R8c4 (30... Ra1 $11) 31. Be1 $16 Rxa4 32. Bxa4 Qxa4 33. e6 Qe8 (33... fxe6 $14 34. Qe3 Rc6) 34. Qe3 $18 Rc6 35. Bb4 (35. e7 $18) 35... Nh7 {[%cal Rf7e6]} 36. exf7+ (36. e7 {feels hotter.} Nf6 37. Rc1 Rxc1+ 38. Qxc1 Qa4 39. Qe1) 36... Qxf7 37. Be7 Nf6 38. Bxf6 Qxf6 $11 {[%mdl 4096] Endgame KQR-KQR} 39. Qe5 Kh7 40. h3 Rc2 41. b3 Rd2 42. Rf4 b5 43. Qxd5 a6 44. Kh2 Rb2 (44... a5 $14) 45. Re4 $16 {Re8 is the strong threat.} Rf2 $2 {[%mdl 8192] [#]} (45... Qg5 $16 46. Rg4 Qe7) 46. Re8 $1 $18 {[%csl Ge8][%cal Rd5g8] White is clearly winning.} Qxf5 {[#]} 47. Qg8+ $1 Kg6 48. Re6+ {[%mdl 64] Double Attack} Kg5 {Weighted Error Value: White=0.17/Black=0.24} 1-0

[Event "Opera Euro Rapid Prelims 2021"]
[Site "Online"]
[Date "2021.02.03"]
[Round "5.6"]
[White "Grischuk, Alexander"]
[Black "Radjabov, Teimour"]
[Result "1/2-1/2"]
[WhiteElo "2777"]
[BlackElo "2765"]
[Annotator "TA"]
[PlyCount "98"]
[EventDate "2021.02.02"]
[EventType "tourn"]
[EventCountry "NET"]
[SourceTitle "playchess.com"]
[Source "ChessBase"]
[SourceQuality "1"]

{[%evp 17,98,0,0,0,0,0,13,0,0,0,0,0,0,0,0,0,22,0,0,0,0,0,0,0,0,0,10,8,8,0,0,0,9,0,10,-6,0,-15,-13,-14,-13,-18,-11,-19,-5,-4,-4,-4,-7,-12,-15,-21,4,6,4,0,4,4,8,8,27,8,27,8,8,8,21,8,8,8,8,8,8,8,8,8,8,0,8,0,8,0,8]} 1. e4 c5 2. Nf3 Nc6 3. Bb5 g6 4. O-O Bg7 5. Re1 Nf6 6. c3 O-O 7. d4 d5 8. e5 Ne4 9. Bxc6 bxc6 10. Be3 $1 {[%mdl 4] is more profitable than 10.Nbd2 at the moment. B31: Sicilian: 2...Nc6 3 Bb5 g6.} cxd4 11. cxd4 Qb6 12. Qc1 a5 13. Nc3 Nxc3 14. Qxc3 Bg4 15. Nd2 Rfb8 16. b3 a4 17. h3 Bf5 18. Rec1 h5 19. bxa4 Rxa4 20. Qxc6 Qxc6 21. Rxc6 Rba8 {[#]} 22. Nf3 $146 ({Predecessor:} 22. Rb6 f6 23. exf6 Bxf6 24. Nf3 Rxa2 25. Rxa2 Rxa2 26. Ne5 Bxe5 27. dxe5 Kf7 28. Rb7 {½-½ (51) So,W (2770)-Cordova,E (2592) chess.com INT 2020}) 22... f6 23. Rc7 Bf8 24. Rc6 Bg7 25. Rc7 Bf8 26. exf6 exf6 27. Nh4 Bd3 28. Rd1 {[#]} Rc4 $1 29. Rd7 (29. Rb7 Be4) 29... Bc2 {Threatens to win with ...Ba4.} 30. Ra1 Rca4 31. Rxd5 Rxa2 32. Rxa2 Rxa2 33. Nf3 Be4 34. Rd8 Ra8 (34... Kf7 {is more complex.} 35. Nd2 Ra1+ 36. Kh2 Be7 37. Rd7 Bc6) 35. Rxa8 Bxa8 $11 {[%mdl 4096] Endgame KBB-KBN} 36. Nd2 Bb4 37. f3 Bxd2 38. Bxd2 {KB-KB} Kf7 39. Kf2 Bd5 40. g4 hxg4 {The position is equal.} 41. hxg4 f5 42. gxf5 gxf5 43. Ke3 Ke6 44. Kf4 Ba8 45. Be3 Bd5 46. Bf2 Bc6 47. Be3 Bd5 48. Bf2 Bc6 49. Be3 Bd5 {An uneventful encounter.  Weighted Error Value: White=0.05/Black=0.04} 1/2-1/2

[Event "Opera Euro Rapid Prelims 2021"]
[Site "Online"]
[Date "2021.02.03"]
[Round "5.7"]
[White "Giri, Anish"]
[Black "Vidit, Santosh Gujrathi"]
[Result "1-0"]
[WhiteElo "2764"]
[BlackElo "2726"]
[Annotator "TA"]
[PlyCount "71"]
[EventDate "2021.02.02"]
[EventType "tourn"]
[EventCountry "NET"]
[SourceTitle "playchess.com"]
[Source "ChessBase"]
[SourceQuality "1"]

{[%evp 11,71,26,19,33,27,-10,31,43,30,13,14,6,19,17,56,49,67,70,80,86,92,80,90,85,89,76,144,158,156,160,136,164,161,134,152,139,308,306,507,513,29977,29978,29994,447,428,428,491,456,639,632,633,631,646,666,645,646,633,616,740,664,634,607]} 1. d4 Nf6 2. c4 e6 3. Nf3 d5 4. Nc3 c5 5. cxd5 cxd4 6. Qxd4 exd5 7. e4 {[%cal Re4d5] D41: Queen's Gambit Declined: Semi-Tarrasch with 5 cxd5.} dxe4 {now scores much better than the old 7...Nc6.} 8. Qxd8+ Kxd8 9. Ng5 {White is slightly better.} Be6 {[#]} 10. Bb5 $1 $146 {[%mdl 8] An important novelty.} ({Predecessor:} 10. Nxe6+ fxe6 11. Bg5 Nc6 12. O-O-O+ Ke8 13. Bb5 Rc8 14. Kb1 Bb4 15. Bxf6 gxf6 16. Nxe4 {½-½ (56) Carlsen,M (2862)-Tari,A (2625) Wijk aan Zee 2021}) 10... a6 11. Ba4 Nbd7 12. O-O b5 13. Bb3 Ke7 14. Be3 h6 15. Ngxe4 Ke8 16. Bd4 Bb4 17. Rae1 Ke7 18. f4 Rhd8 {[#]} (18... Nxe4 $142 19. Rxe4 Nc5) 19. f5 $1 $16 {[%cal Rf5e6]} Bxb3 20. Nxf6+ ({Worse is} 20. axb3 Kf8 $11) 20... Kf8 21. Nh5 $36 {[%mdl 2048] White is really pushing.} ({Weaker is} 21. axb3 Nxf6 22. Bxf6 gxf6 $15) 21... Bc4 22. Bxg7+ Kg8 23. Rf4 {Black must now prevent Rg4.} Kh7 $2 {This move loses the game for Black.} (23... f6 $16) 24. Rg4 $18 {Strongly threatening Ne4.} Rg8 $2 {[#]} (24... Rac8 25. Rd1 Bc5+ 26. Kh1 Be7) 25. Ne4 $1 {[%mdl 512] Threatening mate with Nhf6+!} Be7 (25... Rxg7 $18 26. Rxg7+ Kh8) 26. Rd1 Be2 {[#]} 27. Rxd7 (27. Rd6 $142 $1 {[%mdl 512]} f6 28. Rxd7 Rxg7 29. Rxg7+ Kh8 30. Nexf6 Bc5+ 31. Kh1 Bxh5 32. Rh7#) 27... Bxg4 {White is clearly winning.} 28. Rxe7 {[%cal Re4f6]} Bxh5 29. Be5 {And now Nf6+ would win.} Rad8 (29... Rg5 $142 30. Nxg5+ hxg5) 30. h3 Rd1+ 31. Kh2 Rc8 32. Nf6+ {[%mdl 64] Double Attack} Kg7 33. Nxh5+ Kf8 34. Ra7 Rd5 35. Bg7+ Kg8 36. Nf6+ {[%mdl 64] Double Attack.  Weighted Error Value: White=0.24/Black=0.54} 1-0

[Event "Opera Euro Rapid Prelims 2021"]
[Site "Online"]
[Date "2021.02.03"]
[Round "5.8"]
[White "Nepomniachtchi, Ian"]
[Black "Nakamura, Hikaru"]
[Result "1-0"]
[WhiteElo "2789"]
[BlackElo "2736"]
[Annotator "TA"]
[PlyCount "127"]
[EventDate "2021.02.02"]
[EventType "tourn"]
[EventCountry "NET"]
[SourceTitle "playchess.com"]
[Source "ChessBase"]
[SourceQuality "1"]

{[%evp 18,127,30,9,33,13,22,11,34,33,27,25,37,32,26,30,35,38,61,59,66,68,54,32,18,22,54,54,54,54,54,54,54,54,54,54,54,32,54,54,56,54,87,97,109,127,93,90,90,90,135,135,157,146,189,195,364,312,322,28,363,108,340,113,305,302,307,268,252,246,390,361,270,0,65,85,85,85,86,0,4,4,15,0,1835,1804,1704,246,12837,12835,12840,12840,12850,27999,27999,27999,27999,27992,27993,27993,27995,27994,27995,27995,27996,27996,27997,27997,27998,27998,27999,27999]} 1. e4 e5 2. Nf3 Nc6 3. Bb5 Nf6 4. O-O Nxe4 5. d4 Nd6 6. Bxc6 dxc6 7. dxe5 Nf5 8. Qxd8+ Kxd8 9. Nc3 {9.h3 gains popularity.} Ke8 10. h3 h5 {C67: Ruy Lopez: Berlin Defence: 4 0-0 Nxe4.} 11. Bf4 Be6 12. Ng5 {[#]} Bc4 $146 {The position is equal.} ({Predecessor:} 12... Rh6 13. Rad1 h4 14. b3 Be7 15. Nce4 a5 16. a4 Rg6 17. Rfe1 Rd8 18. Rxd8+ Kxd8 {½-½ (46) Nepomniachtchi,I (2784)-Tabatabaei,M (2629) chess.com INT 2020}) 13. Rfd1 Bb4 14. Nce4 Be2 15. Rdc1 Bc4 16. b3 Bd5 17. Rd1 Be7 {White should prevent ...f6.} 18. c4 Bxe4 19. Nxe4 c5 20. Rd3 Rd8 21. Rad1 b6 22. e6 fxe6 23. Bxc7 Rxd3 24. Rxd3 Kf7 $1 25. Be5 Rd8 26. Rxd8 Bxd8 $14 {[%mdl 4096] Endgame KBN-KBN} 27. Kf1 g6 28. Ke2 Ke8 29. Kf3 Ne7 30. Nd6+ Kf8 31. Nb7 $1 {[%cal Rb7d8]} Nc6 32. Nxd8 Nxd8 $16 {KB-KN} 33. Kf4 Nc6 34. Bc3 $1 Kf7 35. f3 a6 36. a4 a5 $2 (36... h4 {might work better.} 37. Be1 Nd4 38. Bxh4 Nxb3) 37. h4 $18 Ke7 38. g4 $2 (38. g3 $18 Ke8 39. Bf6) 38... Kf7 $2 {[%mdl 8192]} (38... Nd4 $11 39. gxh5 gxh5 40. Bxd4 cxd4) 39. Ke4 $2 (39. gxh5 $1 $18 {is the precise move to win.} gxh5 40. Be5) 39... Ke7 $2 (39... g5 $16) 40. Bb2 $2 (40. gxh5 $18 {and White stays clearly on top.} gxh5 41. Be5) 40... Nd8 $2 (40... Kd7 $16) 41. Be5 Kd7 42. gxh5 gxh5 {intending ...Nf7.} 43. f4 Nf7 (43... Nc6 {keeps fighting.} 44. f5 Ke7) 44. f5 $1 Nh6 45. fxe6+ (45. Kf4 $1 $18) 45... Kxe6 $14 46. Bc7 Nf5 47. Bxb6 Nxh4 48. Bxc5 ({White should play} 48. Bxa5 $16 {And now Bb6 would win.} Ng6 49. Be1) 48... Nf5 $11 49. Bb6 Nd6+ 50. Kf4 Nb7 {[%mdl 8192]} (50... h4 $11) 51. Kg5 $18 Ke5 52. Kxh5 Ke4 $2 (52... Kd6 53. Kg4 Kd7) 53. Kg6 Kd3 54. c5 Nxc5 55. Bxc5 {KB-KP} Kc3 {[#]White mates.} 56. b4 $1 {[%cal Bb3b4,Bb4b5][%mdl 32]} Kc4 {[#]} 57. b5 $1 Kxc5 {KPP-KP} 58. Kf7 Kb6 59. Ke8 Ka7 60. Ke7 Kb7 61. Kd7 Kb6 62. Kc8 Ka7 63. Kc7 Ka8 64. Kb6 {Weighted Error Value: White=0.34/Black=0.31} 1-0